000 00960nam0a22002411i 4500
001 rc\910973
005 20240726000622.0
035 _a(NLR Aleph) 006085675
090 _a5121917
_c5121917
100 _a20041129d1984 u |0rusy50 ca
101 0 _arus
102 _aRU
105 _ay |||||||||
200 1 _aЛечение протейной инфекции гентамицином и вакциной per se и в сочетании
_e(Эксперим. исслед.)
_eАвтореф. дис. на соиск. учен. степ. канд. мед. наук
_e(03.00.07)
210 _aЛ.
_d1984
215 _a25 с.
300 _aВ надзаг.: Ленингр. ин-т усоверш. врачей им. С.М. Кирова
320 _aБиблиогр.: с. 24-25 (5 назв.)
700 1 _aОветчин
_bП.В.
_gПетр Васильевич
801 0 _aRU
_bNLR
_gpsbo
801 1 _aRU
_bELAR
_2rusmarc
852 _aNLR
_j85-6/8211
942 _cBOOK